=LDR 00000nam 2200000 4500 =001 INLIS000000000054713 =005 20200304073558 =035 ##$$a 0010-0220000275 =245 1#$$a Manager : $b Rahasia menjadi manager sukses /$c Herbert N. Casson =100 1#$$a Casson, Herbert N =300 ##$$a ix, 150 ; $c 15 x 23 cm =260 ##$$a Jakarta :$b Progres,$c 2003 =082 ##$$a 158 =084 ##$$a 158 CAS m =020 ##$$a 979-3359-36-6 =008 200304################g##########0#ind## =650 #4$$a Sukses =990 ##$$a 20405206 =990 ##$$a 20405205